Statistics for Were These Players Teammates?

Click here to take the quiz!

General Stats

  • This quiz has been taken 21 times
  • The average score is 7 of 10

Answer Stats

QuestionAnswer% Correct
Stephen Curry-Klay ThompsonYes
100%
Klay Thompson-Kyrie IrvingNo
94%
Kyrie Irving-Russell WestbrookNo
83%
Brook Lopez-Jrue HolidayYes
78%
Anthony Davis-Zion WilliamsonNo
67%
D'Angleo Russell-Rui HachimuraYes
67%
Jrue Holiday-Anthony DavisYes
61%
Russell Westbrook-D'Angleo RussellNo
50%
Rui Hachimura-Kyle KuzmaYes
50%
Kyle Kuzma-Brook LopezYes
33%

Score Distribution

Percentile by Number Answered

Percent of People with Each Score

Your Score History

You have not taken this quiz